00295nam a2200097Ia 4500008004100000041000800041100002800049245007000077260003100147999001900178241105s9999 xx 000 0 und d aeng aRasane Madhura.9183774 aFactors Affecting The Microclimate In The City Core Area Of Pune. bBNCA M Arch EA, Punec2019 c361789d361789